[Event "Benidorm Satellite preliminary"]
[Site "playchess.com #007036"]
[Date "2009.10.24"]
[Round "13"]
[White "Wolle1305"]
[Black "Ferdi Sert"]
[Result "0-1"]
[WhiteElo "1764"]
[BlackElo "1865"]
[PlyCount "136"]
[EventDate "2009.10.24"]
[EventType "swiss (blitz)"]

1. e4 {[%emt 0:00:01]} c5 {[%emt 0:00:01]} 2. Nf3 {[%emt 0:00:02]} Nc6 {[%emt
0:00:00]} 3. d4 {[%emt 0:00:01]} cxd4 {[%emt 0:00:00]} 4. Nxd4 {[%emt 0:00:01]}
g6 {[%emt 0:00:00]} 5. Nc3 {[%emt 0:00:01]} Bg7 {[%emt 0:00:01]} 6. Be3 {[%emt
0:00:08]} Nf6 {[%emt 0:00:01]} 7. Bc4 {[%emt 0:00:04]} O-O {[%emt 0:00:02]} 8.
O-O {[%emt 0:00:02]} e6 {[%emt 0:00:00]} 9. Qd2 {[%emt 0:00:05]} d5 {[%emt 0:
00:01]} 10. exd5 {[%emt 0:00:12]} Nxd5 {[%emt 0:00:02]} 11. Nxd5 {[%emt 0:00:
10]} exd5 {[%emt 0:00:01]} 12. Be2 {[%emt 0:00:08]} Ne5 {[%emt 0:00:02]} 13.
Bh6 {[%emt 0:00:11]} Be6 {[%emt 0:00:25]} 14. Bxg7 {[%emt 0:00:09]} Kxg7 {
[%emt 0:00:01]} 15. Rfe1 {[%emt 0:00:07]} Qf6 {[%emt 0:00:01]} 16. c3 {[%emt 0:
00:10]} Nc6 {[%emt 0:00:05]} 17. Nf3 {[%emt 0:00:10]} Rac8 {[%emt 0:00:05]} 18.
Rad1 {[%emt 0:00:03]} Rfd8 {[%emt 0:00:02]} 19. a3 {[%emt 0:00:09]} a6 {[%emt
0:00:02]} 20. Qe3 {[%emt 0:00:10]} Bf5 {[%emt 0:00:09]} 21. Qb6 {[%emt 0:00:11]
} Qd6 {[%emt 0:00:22]} 22. Qxb7 {[%emt 0:00:11]} Rb8 {[%emt 0:00:01]} 23. Qxa6
{[%emt 0:00:07]} Rxb2 {[%emt 0:00:02]} 24. c4 {[%emt 0:00:24]} Qc5 {[%emt 0:00:
03]} 25. cxd5 {[%emt 0:00:09]} Rxd5 {[%emt 0:00:08]} 26. Rxd5 {[%emt 0:00:03]}
Qxd5 {[%emt 0:00:01]} 27. Qc4 {[%emt 0:00:04]} Be4 {[%emt 0:00:13]} 28. Qxd5 {
[%emt 0:00:05]} Bxd5 {[%emt 0:00:01]} 29. a4 {[%emt 0:00:15]} Ra2 {[%emt 0:00:
14]} 30. Bb5 {[%emt 0:00:04]} Bxf3 {[%emt 0:00:04]} 31. gxf3 {[%emt 0:00:01]}
Nd4 {[%emt 0:00:01]} 32. Kg2 {[%emt 0:00:03]} Nxb5 {[%emt 0:00:03]} 33. axb5 {
[%emt 0:00:01]} Rb2 {[%emt 0:00:01]} 34. Re5 {[%emt 0:00:01]} Kf6 {[%emt 0:00:
01]} 35. Rc5 {[%emt 0:00:01]} h5 {[%emt 0:00:01]} 36. Kg3 {[%emt 0:00:08]} g5 {
[%emt 0:00:01]} 37. h4 {[%emt 0:00:04]} gxh4+ {[%emt 0:00:06]} 38. Kxh4 {[%emt
0:00:12]} Rxf2 {[%emt 0:00:01]} 39. Rc3 {[%emt 0:00:04]} Rb2 {[%emt 0:00:05]}
40. Rc5 {[%emt 0:00:01]} Kg6 {[%emt 0:00:01]} 41. Rc6+ {[%emt 0:00:01]} f6 {
[%emt 0:00:02]} 42. b6 {[%emt 0:00:01]} Rb4+ {[%emt 0:00:01]} 43. Kg3 {[%emt 0:
00:01]} Kg5 {[%emt 0:00:02]} 44. Rd6 {[%emt 0:00:04]} Rb3 {[%emt 0:00:03]} 45.
Rd5+ {[%emt 0:00:01]} f5 {[%emt 0:00:01]} 46. Rd6 {[%emt 0:00:01]} h4+ {[%emt
0:00:02]} 47. Kg2 {[%emt 0:00:01] Wolle1305 bietet Remis} h3+ {[%emt 0:00:09]}
48. Kxh3 {[%emt 0:00:02]} Rxf3+ {[%emt 0:00:01]} 49. Kg2 {[%emt 0:00:00]} Rb3 {
[%emt 0:00:01]} 50. Kf2 {[%emt 0:00:01]} f4 {[%emt 0:00:01]} 51. Rd5+ {[%emt 0:
00:02]} Kg4 {[%emt 0:00:01]} 52. Rd6 {[%emt 0:00:01]} Kf5 {[%emt 0:00:01]} 53.
Rc6 {[%emt 0:00:04]} Ke5 {[%emt 0:00:03]} 54. Rh6 {[%emt 0:00:02]} Ke4 {[%emt
0:00:06]} 55. Re6+ {[%emt 0:00:01]} Kf5 {[%emt 0:00:01]} 56. Rh6 {[%emt 0:00:
01]} Ke5 {[%emt 0:00:13]} 57. Rh5+ {[%emt 0:00:01]} Ke4 {[%emt 0:00:03]} 58.
Rh6 {[%emt 0:00:01]} Rb2+ {[%emt 0:00:01]} 59. Kf1 {[%emt 0:00:02]} Ke3 {[%emt
0:00:03]} 60. Rc6 {[%emt 0:00:09]} f3 {[%emt 0:00:04]} 61. Rc3+ {[%emt 0:00:03]
} Ke4 {[%emt 0:00:01]} 62. Rc4+ {[%emt 0:00:03]} Ke3 {[%emt 0:00:01]} 63. Rc3+
{[%emt 0:00:01]} Kf4 {[%emt 0:00:01]} 64. Rc4+ {[%emt 0:00:01]} Kg3 {[%emt 0:
00:01]} 65. Re4 {[%emt 0:00:06]} Rxb6 {[%emt 0:00:02]} 66. Re1 {[%emt 0:00:03]}
Rh6 {[%emt 0:00:03]} 67. Kg1 {[%emt 0:00:01]} f2+ {[%emt 0:00:02]} 68. Kf1 {
[%emt 0:00:01]} Rh1+ {[%emt 0:00:01] Zeit} 0-1

[Event "Benidorm Satellite preliminary"]
[Site "playchess.com #007036"]
[Date "2009.10.24"]
[Round "13"]
[White "Hardrock"]
[Black "Necromant"]
[Result "0-1"]
[WhiteElo "2605"]
[BlackElo "2486"]
[PlyCount "110"]
[EventDate "2009.10.24"]
[EventType "swiss (blitz)"]

1. d4 {[%emt 0:00:02]} Nf6 {[%emt 0:00:01]} 2. c4 {[%emt 0:00:01]} g6 {[%emt 0:
00:00]} 3. Nc3 {[%emt 0:00:01]} d5 {[%emt 0:00:01]} 4. Nf3 {[%emt 0:00:02]} Bg7
{[%emt 0:00:01]} 5. cxd5 {[%emt 0:00:06]} Nxd5 {[%emt 0:00:01]} 6. e4 {[%emt 0:
00:01]} Nxc3 {[%emt 0:00:00]} 7. bxc3 {[%emt 0:00:00]} c5 {[%emt 0:00:03]} 8.
Be3 {[%emt 0:00:02]} O-O {[%emt 0:00:02]} 9. Qd2 {[%emt 0:00:01]} Qa5 {[%emt 0:
00:02]} 10. Rc1 {[%emt 0:00:02]} Rd8 {[%emt 0:00:26]} 11. d5 {[%emt 0:00:12]}
e6 {[%emt 0:00:03]} 12. c4 {[%emt 0:00:09]} Qxd2+ {[%emt 0:00:02]} 13. Kxd2 {
[%emt 0:00:01]} Na6 {[%emt 0:00:02]} 14. Bg5 {[%emt 0:00:11]} Re8 {[%emt 0:00:
05]} 15. Re1 {[%emt 0:00:17]} Bd7 {[%emt 0:00:14]} 16. a3 {[%emt 0:00:05]} b6 {
[%emt 0:00:09]} 17. Bd3 {[%emt 0:00:08]} Bb2 {[%emt 0:00:05]} 18. Rb1 {[%emt 0:
00:25]} Bxa3 {[%emt 0:00:05]} 19. Ne5 {[%emt 0:00:03]} Bc8 {[%emt 0:00:34]} 20.
Ng4 {[%emt 0:00:07] Hardrock claims win on disconnect} Rf8 {[%emt 0:01:02]} 21.
Be7 {[%emt 0:00:07]} exd5 {[%emt 0:00:05]} 22. Nf6+ {[%emt 0:00:11]} Kg7 {
[%emt 0:00:01]} 23. Bxf8+ {[%emt 0:00:04]} Kxf8 {[%emt 0:00:05]} 24. cxd5 {
[%emt 0:00:05]} Nb4 {[%emt 0:00:08]} 25. Bc4 {[%emt 0:00:14]} Na6 {[%emt 0:00:
01]} 26. Bxa6 {[%emt 0:00:11]} Bxa6 {[%emt 0:00:01]} 27. Nxh7+ {[%emt 0:00:12]}
Ke7 {[%emt 0:00:01]} 28. Ng5 {[%emt 0:00:02]} Bb4+ {[%emt 0:00:04]} 29. Ke3 {
[%emt 0:00:06]} Bc4 {[%emt 0:00:02]} 30. Rbc1 {[%emt 0:00:12]} Bb3 {[%emt 0:00:
06]} 31. h4 {[%emt 0:00:07]} a5 {[%emt 0:00:02]} 32. h5 {[%emt 0:00:09]} gxh5 {
[%emt 0:00:10]} 33. Rxh5 {[%emt 0:00:00]} a4 {[%emt 0:00:01]} 34. Rh7 {[%emt 0:
00:01]} Rf8 {[%emt 0:00:03]} 35. Nf3 {[%emt 0:00:05]} a3 {[%emt 0:00:02]} 36.
Ne5 {[%emt 0:00:09]} a2 {[%emt 0:00:10]} 37. Ng6+ {[%emt 0:00:04]} Ke8 {[%emt
0:00:03]} 38. Nxf8 {[%emt 0:00:01]} Ba3 {[%emt 0:00:05]} 39. Ra1 {[%emt 0:00:
07]} Bb2 {[%emt 0:00:06]} 40. Rhh1 {[%emt 0:00:09] .} Kxf8 {[%emt 0:00:05]} 41.
f4 {[%emt 0:00:02]} c4 {[%emt 0:00:01]} 42. d6 {[%emt 0:00:04]} Ke8 {[%emt 0:
00:02]} 43. e5 {[%emt 0:00:01]} Kd7 {[%emt 0:00:01]} 44. g4 {[%emt 0:00:02]} c3
{[%emt 0:00:02]} 45. Rhc1 {[%emt 0:00:01]} b5 {[%emt 0:00:02]} 46. Kd3 {[%emt
0:00:01]} b4 {[%emt 0:00:01]} 47. f5 {[%emt 0:00:02]} Bd5 {[%emt 0:00:01]} 48.
g5 {[%emt 0:00:02]} b3 {[%emt 0:00:02]} 49. g6 {[%emt 0:00:02]} fxg6 {[%emt 0:
00:02]} 50. fxg6 {[%emt 0:00:00]} Bxa1 {[%emt 0:00:01]} 51. Rxa1 {[%emt 0:00:
04]} b2 {[%emt 0:00:01]} 52. Rh1 {[%emt 0:00:05]} b1=Q+ {[%emt 0:00:01]} 53.
Rxb1 {[%emt 0:00:01]} axb1=Q+ {[%emt 0:00:01]} 54. Kxc3 {[%emt 0:00:00]} Qxg6 {
[%emt 0:00:00]} 55. Kd4 {[%emt 0:00:01]} Ke6 {[%emt 0:00:01] Time} 0-1

[Event "Benidorm Satellite preliminary"]
[Site "playchess.com #007036"]
[Date "2009.10.24"]
[Round "13"]
[White "RKO DRM"]
[Black "Henrik"]
[Result "0-1"]
[WhiteElo "1670"]
[BlackElo "1840"]
[PlyCount "128"]
[EventDate "2009.10.24"]
[EventType "swiss (blitz)"]

1. d4 {[%emt 0:00:02]} Nf6 {[%emt 0:00:02]} 2. c4 {[%emt 0:00:01]} g6 {[%emt 0:
00:01]} 3. Nc3 {[%emt 0:00:01]} Bg7 {[%emt 0:00:01]} 4. e3 {[%emt 0:00:00]} O-O
{[%emt 0:00:03]} 5. Nf3 {[%emt 0:00:01]} d6 {[%emt 0:00:03]} 6. Qb3 {[%emt 0:
00:01]} c6 {[%emt 0:00:06]} 7. Bd2 {[%emt 0:00:01]} Qc7 {[%emt 0:00:06]} 8. Be2
{[%emt 0:00:02]} Nbd7 {[%emt 0:00:02]} 9. O-O {[%emt 0:00:01]} e5 {[%emt 0:00:
02]} 10. Rac1 {[%emt 0:00:05]} h6 {[%emt 0:00:09]} 11. d5 {[%emt 0:00:04]} Nc5
{[%emt 0:00:03]} 12. Qc2 {[%emt 0:00:13]} a5 {[%emt 0:00:12]} 13. a3 {[%emt 0:
00:15]} e4 {[%emt 0:00:01]} 14. Nd4 {[%emt 0:00:02]} a4 {[%emt 0:00:02]} 15.
Ra1 {[%emt 0:00:29]} Re8 {[%emt 0:00:32]} 16. b4 {[%emt 0:00:03]} axb3 {[%emt
0:00:03]} 17. Nxb3 {[%emt 0:00:01]} Na4 {[%emt 0:00:18]} 18. Nxa4 {[%emt 0:00:
06]} Rxa4 {[%emt 0:00:00]} 19. dxc6 {[%emt 0:00:06]} bxc6 {[%emt 0:00:02]} 20.
Nd4 {[%emt 0:00:04]} Ra8 {[%emt 0:00:10]} 21. Bc3 {[%emt 0:00:12]} d5 {[%emt 0:
00:12]} 22. cxd5 {[%emt 0:00:04]} cxd5 {[%emt 0:00:03]} 23. Bb5 {[%emt 0:00:14]
} Ng4 {[%emt 0:00:22]} 24. g3 {[%emt 0:00:13]} Bd7 {[%emt 0:00:01]} 25. Bxd7 {
[%emt 0:00:06]} Qxd7 {[%emt 0:00:00]} 26. Qe2 {[%emt 0:00:11]} Rec8 {[%emt 0:
00:03]} 27. Bb4 {[%emt 0:00:03]} Ne5 {[%emt 0:00:17]} 28. Rac1 {[%emt 0:00:12]}
Rc4 {[%emt 0:00:22]} 29. Rxc4 {[%emt 0:00:06]} Nxc4 {[%emt 0:00:00]} 30. Ra1 {
[%emt 0:00:12]} Ne5 {[%emt 0:00:12]} 31. Rc1 {[%emt 0:00:19]} h5 {[%emt 0:00:
05]} 32. f4 {[%emt 0:00:01]} Nd3 {[%emt 0:00:16]} 33. Rb1 {[%emt 0:00:01]} Bxd4
{[%emt 0:00:07]} 34. exd4 {[%emt 0:00:02]} Qa7 {[%emt 0:00:01]} 35. Qe3 {[%emt
0:00:04]} Qa4 {[%emt 0:00:02]} 36. Rf1 {[%emt 0:00:09]} Nxb4 {[%emt 0:00:02]}
37. axb4 {[%emt 0:00:01]} Qxb4 {[%emt 0:00:00]} 38. Kg2 {[%emt 0:00:02]} Ra2+ {
[%emt 0:00:01]} 39. Rf2 {[%emt 0:00:02]} Ra3 {[%emt 0:00:01]} 40. Qd2 {[%emt 0:
00:09]} Qxd2 {[%emt 0:00:03]} 41. Rxd2 {[%emt 0:00:01]} Kg7 {[%emt 0:00:00]}
42. Kf1 {[%emt 0:00:03]} Kf6 {[%emt 0:00:01]} 43. Ke2 {[%emt 0:00:01]} Kf5 {
[%emt 0:00:01]} 44. Kf2 {[%emt 0:00:04]} h4 {[%emt 0:00:02]} 45. Re2 {[%emt 0:
00:04]} hxg3+ {[%emt 0:00:03]} 46. hxg3 {[%emt 0:00:01]} Rd3 {[%emt 0:00:02]}
47. Rb2 {[%emt 0:00:05]} Rxd4 {[%emt 0:00:01]} 48. Rb7 {[%emt 0:00:01]} f6 {
[%emt 0:00:01]} 49. Rb6 {[%emt 0:00:05]} g5 {[%emt 0:00:03]} 50. fxg5 {[%emt 0:
00:05]} fxg5 {[%emt 0:00:00]} 51. Rb8 {[%emt 0:00:01]} Rd2+ {[%emt 0:00:02]}
52. Ke3 {[%emt 0:00:01]} Rd3+ {[%emt 0:00:01]} 53. Kf2 {[%emt 0:00:01]} Kg4 {
[%emt 0:00:01]} 54. Rd8 {[%emt 0:00:03]} d4 {[%emt 0:00:01]} 55. Re8 {[%emt 0:
00:01]} e3+ {[%emt 0:00:02]} 56. Ke2 {[%emt 0:00:01]} Rd2+ {[%emt 0:00:00]} 57.
Ke1 {[%emt 0:00:01]} Kxg3 {[%emt 0:00:01]} 58. Re4 {[%emt 0:00:01]} Kf3 {[%emt
0:00:01]} 59. Re8 {[%emt 0:00:01]} g4 {[%emt 0:00:01]} 60. Rf8+ {[%emt 0:00:00]
} Kg2 {[%emt 0:00:01]} 61. Rg8 {[%emt 0:00:02]} g3 {[%emt 0:00:01]} 62. Rg7 {
[%emt 0:00:02]} Ra2 {[%emt 0:00:04]} 63. Rg4 {[%emt 0:00:02]} d3 {[%emt 0:00:
01]} 64. Kd1 {[%emt 0:00:11]} Ra1# {[%emt 0:00:00]} 0-1

[Event "Benidorm Satellite preliminary"]
[Site "playchess.com #007036"]
[Date "2009.10.24"]
[Round "13"]
[White "Mtudorache"]
[Black "Master--Sim"]
[Result "1-0"]
[WhiteElo "1820"]
[BlackElo "1972"]
[PlyCount "153"]
[EventDate "2009.10.24"]
[EventType "swiss (blitz)"]

1. e4 {[%emt 0:00:19]} a6 {[%emt 0:00:00]} 2. g3 {[%emt 0:00:06]} h6 {[%emt 0:
00:00]} 3. Bg2 {[%emt 0:00:01]} g6 {[%emt 0:00:00]} 4. b3 {[%emt 0:00:05]} Bg7
{[%emt 0:00:00]} 5. Nc3 {[%emt 0:00:00]} e6 {[%emt 0:00:01]} 6. Bb2 {[%emt 0:
00:01]} Ne7 {[%emt 0:00:02]} 7. Nge2 {[%emt 0:00:03]} O-O {[%emt 0:00:01]} 8.
O-O {[%emt 0:00:07]} d6 {[%emt 0:00:01]} 9. d4 {[%emt 0:00:05]} Nd7 {[%emt 0:
00:00]} 10. Qc1 {[%emt 0:00:10]} b6 {[%emt 0:00:02]} 11. e5 {[%emt 0:00:02]}
Rb8 {[%emt 0:00:04]} 12. exd6 {[%emt 0:00:02]} cxd6 {[%emt 0:00:00]} 13. Nd1 {
[%emt 0:00:01]} Bb7 {[%emt 0:00:02]} 14. c4 {[%emt 0:00:03]} Bxg2 {[%emt 0:00:
02]} 15. Kxg2 {[%emt 0:00:00]} Qc7 {[%emt 0:00:01]} 16. Ne3 {[%emt 0:00:01]}
Rfc8 {[%emt 0:00:01]} 17. Qd2 {[%emt 0:00:01]} d5 {[%emt 0:00:04]} 18. Rac1 {
[%emt 0:00:03]} Qb7 {[%emt 0:00:02]} 19. Kg1 {[%emt 0:00:04]} dxc4 {[%emt 0:00:
07]} 20. Nxc4 {[%emt 0:00:01]} Nd5 {[%emt 0:00:03]} 21. Nd6 {[%emt 0:00:03]}
Qa8 {[%emt 0:00:08]} 22. Nxc8 {[%emt 0:00:01]} Rxc8 {[%emt 0:00:00]} 23. Rxc8+
{[%emt 0:00:02]} Qxc8 {[%emt 0:00:00]} 24. Rc1 {[%emt 0:00:01]} Qb7 {[%emt 0:
00:01]} 25. Nf4 {[%emt 0:00:03]} N7f6 {[%emt 0:00:03]} 26. Nxd5 {[%emt 0:00:02]
} Nxd5 {[%emt 0:00:00]} 27. Qc2 {[%emt 0:00:04]} Qe7 {[%emt 0:00:04]} 28. Qc8+
{[%emt 0:00:18]} Kh7 {[%emt 0:00:02]} 29. Qxa6 {[%emt 0:00:01]} h5 {[%emt 0:00:
04]} 30. Qe2 {[%emt 0:00:13]} h4 {[%emt 0:00:03]} 31. Qg4 {[%emt 0:00:04]} hxg3
{[%emt 0:00:05]} 32. hxg3 {[%emt 0:00:03]} Bh6 {[%emt 0:00:01]} 33. Rf1 {[%emt
0:00:26]} Qb4 {[%emt 0:00:04]} 34. Bc1 {[%emt 0:00:11]} Bxc1 {[%emt 0:00:03]}
35. Rxc1 {[%emt 0:00:01]} Qd2 {[%emt 0:00:01]} 36. Rf1 {[%emt 0:00:09]} Kg7 {
[%emt 0:00:02]} 37. Qe4 {[%emt 0:00:17]} Qxa2 {[%emt 0:00:02]} 38. Qe5+ {[%emt
0:00:04]} Kh7 {[%emt 0:00:01]} 39. Kg2 {[%emt 0:00:01]} f6 {[%emt 0:00:15]} 40.
Qxe6 {[%emt 0:00:11]} Qxb3 {[%emt 0:00:06] Master--Sim bietet Remis} 41. Qf7+ {
[%emt 0:00:09]} Kh6 {[%emt 0:00:02]} 42. Rh1+ {[%emt 0:00:06]} Kg5 {[%emt 0:00:
01]} 43. f4+ {[%emt 0:00:02]} Kf5 {[%emt 0:00:07]} 44. Qd7+ {[%emt 0:00:01]}
Ke4 {[%emt 0:00:01]} 45. Qe6+ {[%emt 0:00:04]} Kxd4 {[%emt 0:00:08]} 46. Qe2 {
[%emt 0:00:16]} Ne3+ {[%emt 0:00:13]} 47. Kf2 {[%emt 0:00:08]} Qd3 {[%emt 0:00:
13]} 48. Qxd3+ {[%emt 0:00:07]} Kxd3 {[%emt 0:00:00]} 49. Re1 {[%emt 0:00:01]}
Nc2 {[%emt 0:00:04]} 50. Re6 {[%emt 0:00:01]} b5 {[%emt 0:00:01]} 51. Rxf6 {
[%emt 0:00:03]} b4 {[%emt 0:00:02]} 52. Rxg6 {[%emt 0:00:00] Master--Sim
bietet Remis} Nd4 {[%emt 0:00:04]} 53. Rb6 {[%emt 0:00:02]} b3 {[%emt 0:00:02]}
54. g4 {[%emt 0:00:01]} Kc2 {[%emt 0:00:01]} 55. f5 {[%emt 0:00:01]} b2 {[%emt
0:00:01]} 56. Rxb2+ {[%emt 0:00:05]} Kxb2 {[%emt 0:00:02]} 57. Ke3 {[%emt 0:00:
00]} Kc3 {[%emt 0:00:01]} 58. Ke4 {[%emt 0:00:01]} Kc4 {[%emt 0:00:01]} 59. Ke5
{[%emt 0:00:01]} Kc5 {[%emt 0:00:02]} 60. f6 {[%emt 0:00:01]} Nc6+ {[%emt 0:00:
04]} 61. Ke6 {[%emt 0:00:01]} Nd4+ {[%emt 0:00:01]} 62. Ke7 {[%emt 0:00:02]}
Nc6+ {[%emt 0:00:03]} 63. Ke8 {[%emt 0:00:06]} Ne5 {[%emt 0:00:04]} 64. g5 {
[%emt 0:00:01]} Kd5 {[%emt 0:00:02]} 65. f7 {[%emt 0:00:00]} Ng6 {[%emt 0:00:
04]} 66. f8=Q {[%emt 0:00:03]} Ke5 {[%emt 0:00:02]} 67. Qf6+ {[%emt 0:00:04]}
Ke4 {[%emt 0:00:02]} 68. Qxg6+ {[%emt 0:00:01]} Kf4 {[%emt 0:00:00]} 69. Qf6+ {
[%emt 0:00:01]} Kg4 {[%emt 0:00:01]} 70. g6 {[%emt 0:00:00]} Kh3 {[%emt 0:00:
01]} 71. g7 {[%emt 0:00:00]} Kh2 {[%emt 0:00:00]} 72. g8=Q {[%emt 0:00:03]} Kh3
{[%emt 0:00:51] '} 73. Qgg7 {[%emt 0:00:02]} Kh2 {[%emt 0:00:03]} 74. Qff8 {
[%emt 0:00:01]} Kh3 {[%emt 0:00:02]} 75. Qgg8 {[%emt 0:00:00]} Kh2 {[%emt 0:00:
01]} 76. Qff7 {[%emt 0:00:00]} Kh3 {[%emt 0:00:01]} 77. Qfh7# {[%emt 0:00:01]}
1-0

[Event "Benidorm Satellite preliminary"]
[Site "playchess.com #007036"]
[Date "2009.10.24"]
[Round "13"]
[White "Slobster"]
[Black "Matematika"]
[Result "1/2-1/2"]
[WhiteElo "1670"]
[BlackElo "1955"]
[PlyCount "167"]
[EventDate "2009.10.24"]
[EventType "swiss (blitz)"]

1. e4 {[%emt 0:00:10]} e6 {[%emt 0:00:02]} 2. Nf3 {[%emt 0:00:01]} d5 {[%emt 0:
00:01]} 3. e5 {[%emt 0:00:00]} c5 {[%emt 0:00:01]} 4. b4 {[%emt 0:00:00]} cxb4
{[%emt 0:00:02]} 5. a3 {[%emt 0:00:00]} Nc6 {[%emt 0:00:01]} 6. axb4 {[%emt 0:
00:02]} Bxb4 {[%emt 0:00:01]} 7. c3 {[%emt 0:00:01]} Be7 {[%emt 0:00:05]} 8. d4
{[%emt 0:00:01]} f6 {[%emt 0:00:01]} 9. Bd3 {[%emt 0:00:02]} fxe5 {[%emt 0:00:
03]} 10. Nxe5 {[%emt 0:00:02]} Nf6 {[%emt 0:00:03]} 11. O-O {[%emt 0:00:04]}
O-O {[%emt 0:00:01]} 12. Bg5 {[%emt 0:00:01]} Qe8 {[%emt 0:00:14]} 13. Nd2 {
[%emt 0:00:40]} Qh5 {[%emt 0:00:04]} 14. Ndf3 {[%emt 0:00:09]} Ng4 {[%emt 0:00:
06]} 15. Nxg4 {[%emt 0:00:41]} Bxg5 {[%emt 0:00:11]} 16. Nxg5 {[%emt 0:00:11]}
Qxg5 {[%emt 0:00:02]} 17. Ne3 {[%emt 0:00:12]} e5 {[%emt 0:00:10]} 18. Nxd5 {
[%emt 0:00:12]} exd4 {[%emt 0:00:02]} 19. Nc7 {[%emt 0:00:05]} Rb8 {[%emt 0:00:
02]} 20. cxd4 {[%emt 0:00:10]} Bg4 {[%emt 0:00:04]} 21. f3 {[%emt 0:00:13]} Bf5
{[%emt 0:00:17]} 22. Qb3+ {[%emt 0:00:09]} Kh8 {[%emt 0:00:02]} 23. Bxf5 {
[%emt 0:00:21]} Rxf5 {[%emt 0:00:10]} 24. Ne6 {[%emt 0:00:08]} Qe7 {[%emt 0:00:
06]} 25. d5 {[%emt 0:00:05]} Nd8 {[%emt 0:00:08]} 26. Nxd8 {[%emt 0:00:02]}
Rxd8 {[%emt 0:00:01]} 27. Rad1 {[%emt 0:00:06]} b6 {[%emt 0:00:02]} 28. Kh1 {
[%emt 0:00:01]} Qc5 {[%emt 0:00:02]} 29. Qd3 {[%emt 0:00:05]} Rfxd5 {[%emt 0:
00:05]} 30. Qe2 {[%emt 0:00:01]} Rxd1 {[%emt 0:00:02]} 31. Rxd1 {[%emt 0:00:02]
} Rxd1+ {[%emt 0:00:03]} 32. Qxd1 {[%emt 0:00:01]} Qc7 {[%emt 0:00:03]} 33. h3
{[%emt 0:00:02]} h6 {[%emt 0:00:02]} 34. Qa4 {[%emt 0:00:02]} Qe7 {[%emt 0:00:
05]} 35. Qa6 {[%emt 0:00:02]} Kh7 {[%emt 0:00:03]} 36. Qc8 {[%emt 0:00:02]} g6
{[%emt 0:00:02]} 37. Qc2 {[%emt 0:00:02]} h5 {[%emt 0:00:01]} 38. Qa4 {[%emt 0:
00:01]} Kh6 {[%emt 0:00:03]} 39. Qa6 {[%emt 0:00:02]} h4 {[%emt 0:00:04]} 40.
Qc4 {[%emt 0:00:03]} g5 {[%emt 0:00:02]} 41. Qa6 {[%emt 0:00:03]} Kh5 {[%emt 0:
00:06]} 42. Qc4 {[%emt 0:00:02]} Qe1+ {[%emt 0:00:02]} 43. Kh2 {[%emt 0:00:02]}
Qe5+ {[%emt 0:00:01]} 44. Kh1 {[%emt 0:00:02]} Qf6 {[%emt 0:00:04]} 45. Qc8 {
[%emt 0:00:03]} a5 {[%emt 0:00:04]} 46. Qg4+ {[%emt 0:00:02]} Kg6 {[%emt 0:00:
01]} 47. Qe4+ {[%emt 0:00:02]} Kh6 {[%emt 0:00:01]} 48. Qa4 {[%emt 0:00:02]}
Qd6 {[%emt 0:00:05]} 49. Qe8 {[%emt 0:00:02]} Kg7 {[%emt 0:00:05]} 50. Qe3 {
[%emt 0:00:04]} Kf6 {[%emt 0:00:02]} 51. Qc3+ {[%emt 0:00:01]} Qe5 {[%emt 0:00:
01]} 52. Qc6+ {[%emt 0:00:01]} Qe6 {[%emt 0:00:01]} 53. Qc3+ {[%emt 0:00:01]}
Ke7 {[%emt 0:00:01]} 54. Qc7+ {[%emt 0:00:01]} Kf6 {[%emt 0:00:02]} 55. Qc3+ {
[%emt 0:00:01]} Kf5 {[%emt 0:00:01]} 56. Qd3+ {[%emt 0:00:01]} Ke5 {[%emt 0:00:
02]} 57. Qc3+ {[%emt 0:00:01]} Kd6 {[%emt 0:00:03]} 58. Qd3+ {[%emt 0:00:03]}
Kc6 {[%emt 0:00:02]} 59. Qc3+ {[%emt 0:00:02]} Kb7 {[%emt 0:00:02]} 60. Qg7+ {
[%emt 0:00:01]} Ka6 {[%emt 0:00:02]} 61. Qxg5 {[%emt 0:00:01]} a4 {[%emt 0:00:
01]} 62. Qd8 {[%emt 0:00:02]} a3 {[%emt 0:00:06]} 63. Qa8+ {[%emt 0:00:01]} Kb5
{[%emt 0:00:01]} 64. Qxa3 {[%emt 0:00:01]} Qc4 {[%emt 0:00:02]} 65. Qb2+ {
[%emt 0:00:02]} Qb4 {[%emt 0:00:02]} 66. Qe5+ {[%emt 0:00:02]} Ka4 {[%emt 0:00:
02]} 67. Qa1+ {[%emt 0:00:02]} Qa3 {[%emt 0:00:02]} 68. Qd4+ {[%emt 0:00:01]}
Qb4 {[%emt 0:00:01]} 69. Qa1+ {[%emt 0:00:01]} Kb5 {[%emt 0:00:01]} 70. Qe5+ {
[%emt 0:00:01]} Qc5 {[%emt 0:00:01]} 71. Qb2+ {[%emt 0:00:01]} Ka6 {[%emt 0:00:
02]} 72. Qa2+ {[%emt 0:00:02]} Kb7 {[%emt 0:00:01]} 73. Qf7+ {[%emt 0:00:02]}
Ka6 {[%emt 0:00:01]} 74. Qa2+ {[%emt 0:00:01]} Kb5 {[%emt 0:00:00]} 75. Qb2+ {
[%emt 0:00:02]} Kc6 {[%emt 0:00:00]} 76. Qf6+ {[%emt 0:00:02]} Qd6 {[%emt 0:00:
01]} 77. Qc3+ {[%emt 0:00:01]} Kb7 {[%emt 0:00:01]} 78. Qg7+ {[%emt 0:00:01]}
Ka6 {[%emt 0:00:02]} 79. Qa1+ {[%emt 0:00:02]} Kb5 {[%emt 0:00:00]} 80. Qb2+ {
[%emt 0:00:02]} Ka6 {[%emt 0:00:01]} 81. Qa2+ {[%emt 0:00:01]} Kb5 {[%emt 0:00:
01]} 82. Qb2+ {[%emt 0:00:01]} Ka6 {[%emt 0:00:01]} 83. Qa2+ {[%emt 0:00:01]}
Kb5 {[%emt 0:00:01]} 84. Qb2+ {[%emt 0:00:01]} 1/2-1/2